000 00519cam a2200193ua 4500
001 12229
008 200313n ii |||gr||||Z||||||eng
020 _a9780143426066
040 _cMAIN
082 _a338.9
100 _aA P J Abdul Kalam,
_eAuthor.
245 _aBeyond 2020 :
_bVision for tomorrow`s india /
_cBy A P J Abdul Kalam and Y S Rajan .
250 _a1st ed.
260 _aHaryana:
_bPenguin books,
_c2014.
300 _a281p.
653 _aProduction
700 _aY S Rajan,
_eAuthor.
942 _cBK
999 _c10989
_d10989